000 00765nam a22002297a 4500
005 20170217123443.0
010 _aENG-117289
020 _a9789386062598
_c625.00
035 _aEN-100821
037 _bDBAD/PUB
082 0 0 _a371.90472
100 _aGlazzard,Jonathan
245 1 0 _aTeaching and supporting children withspecial educational need and disabilitisin pramary schools /
_cby Jonathan Glazzard...[et..al]
246 _a2nd ed.
260 _aNew Delhi
_bSAGE Publications
_c2017
270 _aB1/I-1 Mohan Cooperative Industrial Area, Mathura Road
_bNew Delhi
_e110044
300 _aviii,193p.
_c24cm(pbk)
500 _aIncludes index
700 _aStokoe,Jane
700 _aHughes, Alison
942 _2ddc
_cEN
_h371.90472
_mGLA
999 _c137686
_d137686